01482nam a2200289 a 450000100060000000300080000600500170001400800410003102000350007203500190010704000320012604100080015808200390016611001120020524503400031724601710065726000500082830000350087849000260091365100320093965100390097165100530101065100430106370000250110671000350113183000260116665981BD-RjUL20211209081504.0170313s1962 p s o00| 0 eng  c: PRs. 2.00 (Hard Board Bound) a(BD-RjUL)66111 aDLCcDLCdDLCdBD-RjULbeng aeng a304.609549021223bPAP 1962 (CBN5)1 aPakistan.bOffice of the Census Commissioner. Ministry of Home and Kashmir Affairs. Home Affairs Division. 10aPopulation census of Pakistan, 1961 : bCensus Bulletin No. 5 : Economic characteristcis : population by sex, self-supporting persons, agricultural labour force, non-agricultural labour force & dependents /cPakistan. Office of the Census Commissioner. Ministry of Home and Kashmir Affairs. Home Affairs Division. ; A. Rashid, [comp.] aCensus Bulletin No.5 : bEconomic characteristcis : population by sex, self-supporting persons, agricultural labour force, non-agricultural labour force & dependents. aKarachi : bManager of publications,c[1962?] axxii, 125 p. :bIll. ;c25 cm. acensus, 61 ;vNo. 153 aPakistan vCensus, 1961.  aPakistan xStatistics. y1961 aPakistan xEconomic aspects vStatistics. y1961 aPakistanxPopulationvStatisticsy1961 aRashid, A. , [comp.] aCensus organization (Pakistan) acensus, 61 ;vNo. 153